Guía de la Biblioteca Central de la Diputación Provincial de Barcelona
Descripción Física:
279 p. : il., 1 plànol pleg. ; 22 cm
Materias:
Biblioteca de Catalunya -- Guies
MARC
| LEADER | 00000nam a2200000Ia 4500 | ||
|---|---|---|---|
| 001 | 8026 | ||
| 008 | 160829s1959 xx 000 0 cat d | ||
| 080 | |a A-2-27 | ||
| 110 | 1 | |a Biblioteca de Catalunya |9 52741 | |
| 245 | |a Guía de la Biblioteca Central de la Diputación Provincial de Barcelona | ||
| 260 | |a Barcelona : |b (Imp. Casa Caritat), |c 1959 | ||
| 300 | |a 279 p. : |b il., 1 plànol pleg. ; |c 22 cm | ||
| 590 | |a Conté un plànol de la Biblioteca de Catalunya, antic Hospital de la Santa Creu i Casa de Convalescència. | ||
| 650 | |a Biblioteca de Catalunya |x Guies |9 39843 | ||
| 710 | 1 | |a Barcelona (Catalunya : Província). |b Diputació |9 52408 | |
| 710 | 2 | |a Biblioteca Central (Barcelona, Catalunya) |9 54533 | |
| 901 | |a Arxiu | ||
| 942 | |n 1 | ||
| 952 | |0 0 |1 0 |4 0 |6 A227 |7 1 |9 49262 |a Arxiu |b Arxiu |d 2016-12-01 |l 0 |o A-2-27 |p 8026 |r 2016-12-01 00:00:00 |w 2016-12-01 |y ARXIU | ||
| 999 | |c 53102 |d 53102 | ||